[Event "Stiller Don Rostov-Bahn-Sozialwerk 1"]
[Site "Dresden"]
[Date "2008.02.11"]
[Round "1.1"]
[White "Tseshkovsky, V."]
[Black "Weiss, W."]
[Result "1-0"]
[WhiteElo "2504"]
[BlackElo "2227"]
[PlyCount "91"]
[EventDate "2008.??.??"]

1. e4 d6 2. d4 Nf6 3. Nc3 c6 4. f4 Qa5 5. Bd3 d5 6. e5 Ne4 7. Nge2 Nxc3 8. Nxc3
Na6 9. O-O Nb4 10. f5 Nxd3 11. Qxd3 e6 12. fxe6 Bxe6 13. Bd2 Be7 14. a4 Qc7 15.
Qg3 g6 16. Bg5 h5 17. h4 O-O-O 18. a5 Rhe8 19. Na4 Bxg5 20. Qxg5 Qe7 21. Rf6
Qb4 22. Qe3 Qxa5 23. Ra3 Qc7 24. Nc5 b6 25. Nxe6 Rxe6 26. Rxe6 fxe6 27. Qg5 Rf8
28. Qxg6 Qf7 29. Rg3 Qxg6 30. Rxg6 Rf4 31. c3 Rxh4 32. Rxe6 Kd7 33. Rh6 a5 34.
g3 Rg4 35. Kf2 Rg5 36. Rf6 a4 37. Rf7+ Kd8 38. Kf3 b5 39. Rh7 Rf5+ 40. Ke3 Rg5
41. Kf4 Rg4+ 42. Kf5 Rxg3 43. e6 Re3 44. Kf6 h4 45. Rh8+ Kc7 46. e7 1-0

[Event "Stiller Don Rostov-Bahn-Sozialwerk 1"]
[Site "Dresden"]
[Date "2008.02.11"]
[Round "1.2"]
[White "Kugelmann, W."]
[Black "Pushkov, N."]
[Result "0-1"]
[WhiteElo "2213"]
[BlackElo "2513"]
[PlyCount "46"]
[EventDate "2008.??.??"]

1. e4 e6 2. d4 d5 3. e5 c5 4. c3 Nc6 5. Nf3 Qb6 6. Be2 cxd4 7. cxd4 Nge7 8. Na3
Nf5 9. Nc2 Be7 10. h4 h5 11. b3 Bd7 12. Bb2 a5 13. Ne3 Nxe3 14. fxe3 f6 15.
exf6 gxf6 16. Nd2 O-O-O 17. a3 e5 18. Qc2 Kb8 19. Qd3 e4 20. Qc2 Rc8 21. Qd1
Rcg8 22. Kf2 Qc7 23. Nf1 Bd6 0-1

[Event "Stiller Don Rostov-Bahn-Sozialwerk 1"]
[Site "Dresden"]
[Date "2008.02.11"]
[Round "1.4"]
[White "Fleuch, H."]
[Black "Petrushin, A."]
[Result "0-1"]
[WhiteElo "2126"]
[BlackElo "2426"]
[PlyCount "138"]
[EventDate "2008.??.??"]

1. e4 c5 2. c3 d5 3. exd5 Qxd5 4. d4 e6 5. Nf3 Nf6 6. Be2 Nc6 7. Na3 Qd8 8.
dxc5 Qxd1+ 9. Bxd1 Bxc5 10. Nc2 O-O 11. O-O b6 12. Be2 Bb7 13. Be3 Be7 14. Ncd4
Nd5 15. Nxc6 Bxc6 16. Bd2 Bf6 17. Bg5 Bxg5 18. Nxg5 h6 19. Nh3 e5 20. Rfd1 Rad8
21. Kf1 g5 22. g3 Kg7 23. Ng1 f5 24. Nf3 Kf6 25. Nd2 e4 26. Nb3 f4 27. Rd4 Ke5
28. Nd2 Ne3+ 29. Kg1 Nf5 30. Nc4+ Kf6 31. Rxd8 Rxd8 32. Rd1 Rxd1+ 33. Bxd1 Bd5
34. Bb3 Bxc4 35. Bxc4 f3 36. Bd5 Ke5 37. Bc6 g4 38. Kf1 h5 39. Be8 Nd6 40. Bc6
Nf5 41. Be8 Nd6 42. Bc6 Kf5 43. Ke1 e3 44. fxe3 Nc4 45. Ba4 Nxb2 46. Bc2+ Kf6
47. Kf2 Nc4 48. Bd3 Nd6 49. Ke1 Nf5 50. Kf2 Ke5 51. Bc2 Nd6 52. Ke1 Ne4 53. c4
a5 54. a3 Nd6 55. Bd3 Nf5 56. Kf2 Ne7 57. Bc2 Kd6 58. Ba4 Nc6 59. Bb5 Kc5 60.
Ba6 Ne5 61. Bb5 Nxc4 62. Be8 Ne5 63. Bxh5 b5 64. Be8 b4 65. axb4+ axb4 66. Ba4
Kc4 67. Bc2 b3 68. Bb1 Kc3 69. h3 gxh3 0-1

[Event "BSW Lok Dresden-Tschechien"]
[Site "?"]
[Date "2008.02.11"]
[Round "1.1"]
[White "Meier, W."]
[Black "Lechtynsky, J."]
[Result "1/2-1/2"]
[WhiteElo "2207"]
[BlackElo "2422"]
[PlyCount "65"]
[EventDate "2008.??.??"]

1. Nf3 Nf6 2. c4 e6 3. g3 d5 4. Bg2 dxc4 5. Qa4+ Bd7 6. Qxc4 Nc6 7. O-O Na5 8.
Qc2 c5 9. b3 Rc8 10. d3 Be7 11. Bb2 O-O 12. Nbd2 Nc6 13. Nc4 Nd5 14. Qd2 b5 15.
Nce5 Nxe5 16. Nxe5 Be8 17. Rfd1 f6 18. Ng4 Bf7 19. Ne3 Qb6 20. Rdb1 Rfd8 21. a4
Nxe3 22. Qxe3 b4 23. Ra2 e5 24. Ba1 Qe6 25. Rc2 Bd6 26. Bb7 Rc7 27. Ba6 f5 28.
Bc4 Qe8 29. Qg5 Bxc4 30. Rxc4 Rf7 31. Qh5 Rf6 32. Qxe8+ Rxe8 33. Rd1 1/2-1/2

[Event "BSW Lok Dresden-Tschechien"]
[Site "?"]
[Date "2008.02.11"]
[Round "1.2"]
[White "Pribyl, J."]
[Black "Goldberg, V."]
[Result "1-0"]
[WhiteElo "2367"]
[BlackElo "2106"]
[PlyCount "107"]
[EventDate "2008.??.??"]

1. d4 Nf6 2. Nf3 d5 3. g3 g6 4. Bg2 b6 5. c4 Bb7 6. cxd5 Bg7 7. Nc3 Nxd5 8.
Nxd5 Bxd5 9. O-O O-O 10. Qc2 Nd7 11. e4 Bb7 12. Bf4 Rc8 13. Rfd1 Qe8 14. Rac1
c5 15. d5 Nf6 16. Bh3 Ra8 17. Be5 Bc8 18. Bg2 Bd7 19. Ne1 Nh5 20. Bxg7 Nxg7 21.
Qd2 Qb8 22. Qh6 Qe5 23. Nd3 Qh5 24. Qf4 Qg4 25. Qe5 Rfe8 26. Nf4 Bb5 27. Bh3 f6
28. Qc7 Qg5 29. b3 Qe5 30. Qxe5 fxe5 31. Ng2 Rad8 32. Ne3 h5 33. Bf1 Bxf1 34.
Kxf1 Kf7 35. Nc4 Kf6 36. Rc3 Ne6 37. Rf3+ Kg7 38. Nxe5 Ng5 39. Re3 Nf7 40. Nxf7
Kxf7 41. e5 Kg7 42. h4 Rf8 43. Ke2 Rf5 44. f4 Rd7 45. Kf3 Rf8 46. Ke4 Rf5 47.
Red3 Rf8 48. Rg1 Rdd8 49. g4 hxg4 50. Rxg4 Kh7 51. h5 Rg8 52. Rh3 Rg7 53. hxg6+
Kg8 54. f5 1-0

[Event "BSW Lok Dresden-Tschechien"]
[Site "?"]
[Date "2008.02.11"]
[Round "1.4"]
[White "Sikora-Lerch, J."]
[Black "Schwier, M."]
[Result "1/2-1/2"]
[WhiteElo "2260"]
[BlackElo "2117"]
[PlyCount "136"]
[EventDate "2008.??.??"]

1. e4 d5 2. exd5 Qxd5 3. Nc3 Qa5 4. d4 Nf6 5. Bc4 Bf5 6. Bd2 Qb6 7. Nf3 c6 8.
Qe2 e6 9. O-O-O Bb4 10. h3 Nbd7 11. g4 Bxc3 12. Bxc3 Be4 13. g5 Bxf3 14. Qxf3
Nd5 15. h4 Nxc3 16. Qxc3 Qc7 17. Rhe1 O-O-O 18. Qe3 Nb6 19. Bf1 Rd5 20. Kb1 Rf5
21. c4 Kb8 22. Bd3 Rf4 23. h5 Rd8 24. Bxh7 Nxc4 25. Qc3 Nd6 26. Qe3 Nb5 27. Be4
Rh4 28. h6 gxh6 29. gxh6 f5 30. Bc2 Nxd4 31. h7 Qxh7 32. Qg5 Qh8 33. Re3 Rg4
34. Qe7 Qf8 35. Qh7 Nxc2 36. Rxd8+ Qxd8 37. Kxc2 Rd4 38. Qg7 Rd5 39. a3 Qh4 40.
Qg8+ Rd8 41. Qxe6 Qxf2+ 42. Kb1 Qd2 43. Qe5+ Ka8 44. Qc7 Rh8 45. Rb3 Qd1+ 46.
Ka2 Rb8 47. Rb4 Qd5+ 48. Ka1 c5 49. Rb5 b6 50. Rb3 Rf8 51. Rg3 Qb7 52. Qd6 Rh8
53. Rh3 Rc8 54. Re3 Qc6 55. Qxc6+ Rxc6 56. Re8+ Kb7 57. Rf8 b5 58. Rxf5 Kb6 59.
Kb1 a5 60. Kc2 Rh6 61. Rf2 a4 62. Re2 Rh3 63. Re8 Kc6 64. Rb8 Rb3 65. Rh8 c4
66. Rh6+ Kc5 67. Rh5+ Kb6 68. Rh6+ Ka5 1/2-1/2

[Event "Deutschland-Norwegen 2"]
[Site "?"]
[Date "2008.02.11"]
[Round "1.1"]
[White "Uhlmann, W."]
[Black "Ulrichsen, J."]
[Result "1/2-1/2"]
[WhiteElo "2434"]
[BlackElo "2221"]
[PlyCount "113"]
[EventDate "2008.??.??"]

1. c4 e5 2. Nc3 Nc6 3. Nf3 Nf6 4. g3 d6 5. d4 exd4 6. Nxd4 Bd7 7. Bg2 Be7 8.
O-O O-O 9. e4 Re8 10. h3 Nxd4 11. Qxd4 Bc6 12. b3 Nd7 13. Bb2 Bf6 14. Qd2 Nc5
15. Rfe1 a5 16. Rad1 Bxc3 17. Qxc3 f6 18. Qc2 Qe7 19. Re3 Qf7 20. Rde1 Re7 21.
a3 Nd7 22. f4 Kh8 23. Bd4 Rae8 24. Kh2 b6 25. Qe2 Ba8 26. Bf3 Kg8 27. Bh5 g6
28. Bf3 Nc5 29. Bxc5 bxc5 30. Bg2 Kg7 31. e5 fxe5 32. Bxa8 Rxa8 33. fxe5 dxe5
34. Rxe5 Rxe5 35. Qxe5+ Kg8 36. Qxc5 Rf8 37. Re2 Qf3 38. Qe3 Qxe3 39. Rxe3 Rf2+
40. Kg1 Rc2 41. a4 Kf7 42. Kf1 Kf6 43. Ke1 h5 44. Rf3+ Ke6 45. h4 Rb2 46. Kf1
c6 47. Rd3 Rc2 48. Ke1 Ke5 49. Kd1 Rb2 50. c5 Rg2 51. Rd6 Rxg3 52. Rxc6 Kd4 53.
Rc8 Rxb3 54. c6 Kc5 55. c7 Rb7 56. Ra8 Rxc7 57. Rxa5+ 1/2-1/2

[Event "Deutschland-Norwegen 2"]
[Site "?"]
[Date "2008.02.11"]
[Round "1.2"]
[White "Taksrud, V."]
[Black "Hecht, H."]
[Result "0-1"]
[WhiteElo "2164"]
[BlackElo "2387"]
[PlyCount "52"]
[EventDate "2008.??.??"]

1. Nf3 e6 2. c4 Nf6 3. Nc3 Bb4 4. g3 O-O 5. Bg2 d5 6. Qc2 Nc6 7. O-O d4 8. Rd1
Be7 9. Ne4 Nd7 10. d3 f5 11. Neg5 Nc5 12. h4 h6 13. Nh3 e5 14. a3 a5 15. e3 a4
16. exd4 Nb3 17. Rb1 Ncxd4 18. Nxd4 Nxd4 19. Qd2 f4 20. Kh2 Bxh4 21. gxh4 Qxh4
22. Rh1 Nf3+ 23. Bxf3 Qxh3+ 24. Kg1 Qxf3 25. b3 Ra6 26. Rh2 Bh3 0-1

[Event "Deutschland-Norwegen 2"]
[Site "?"]
[Date "2008.02.11"]
[Round "1.3"]
[White "Klundt, K."]
[Black "Strand, K."]
[Result "1-0"]
[WhiteElo "2378"]
[BlackElo "2081"]
[PlyCount "41"]
[EventDate "2008.??.??"]

1. e4 Nf6 2. e5 Nd5 3. d4 d6 4. Nf3 Bg4 5. Be2 e6 6. O-O Be7 7. c4 Nb6 8. Nc3
O-O 9. h3 Bh5 10. Be3 Nc6 11. exd6 cxd6 12. b3 d5 13. c5 Nd7 14. b4 Bf6 15. b5
Ne7 16. g4 Nxc5 17. gxh5 Nd7 18. Rc1 Nf5 19. Bd3 Nd6 20. Bf4 Nb6 21. Qc2 1-0

[Event "Deutschland-Norwegen 2"]
[Site "?"]
[Date "2008.02.11"]
[Round "1.4"]
[White "Bjorgvik, J."]
[Black "Malich, B."]
[Result "0-1"]
[WhiteElo "2021"]
[BlackElo "2380"]
[PlyCount "80"]
[EventDate "2008.??.??"]

1. e4 c5 2. Nf3 e6 3. c3 Nf6 4. e5 Nd5 5. c4 Nb6 6. Nc3 d6 7. exd6 Bxd6 8. d4
O-O 9. Ne4 Be7 10. Nxc5 Bxc5 11. dxc5 Qxd1+ 12. Kxd1 Na4 13. b4 a5 14. b5 Nxc5
15. Be3 Nbd7 16. Ne5 b6 17. Nc6 Bb7 18. Rb1 Rfe8 19. Be2 e5 20. Kc2 Rac8 21.
Bg4 Bxc6 22. bxc6 Rxc6 23. Rhd1 Nf8 24. Rb5 Nce6 25. Kc3 Rec8 26. Be2 Nd4 27.
Bxd4 exd4+ 28. Rxd4 Ne6 29. Rd1 Nc5 30. f3 Kf8 31. Rdb1 Re6 32. Bd1 Rd8 33. Kc2
Rdd6 34. f4 Re4 35. Kc3 Rd3+ 36. Kb2 Ke7 37. Bc2 Rd2 38. Kc3 Ree2 39. Rc1 Rxg2
40. Bd1 Rd3# 0-1

[Event "Türkei-Moskau"]
[Site "?"]
[Date "2008.02.11"]
[Round "1.1"]
[White "Pekun, C."]
[Black "Chernikov, O."]
[Result "0-1"]
[WhiteElo "2111"]
[BlackElo "2408"]
[PlyCount "116"]
[EventDate "2008.??.??"]

1. c4 Nf6 2. Nf3 c6 3. g3 d5 4. Bg2 Bf5 5. O-O e6 6. b3 Be7 7. Bb2 O-O 8. d3 h6
9. Nbd2 a5 10. a3 Na6 11. Qc2 Bh7 12. Rfc1 Qb6 13. Qd1 Rad8 14. h3 c5 15. cxd5
exd5 16. d4 a4 17. e3 axb3 18. Qxb3 Qxb3 19. Nxb3 c4 20. Na5 Ne4 21. Ne5 f6 22.
Nexc4 dxc4 23. Rxc4 Rd5 24. Nb3 Rb5 25. Bxe4 Bxe4 26. Nd2 Bd5 27. Rc2 f5 28. f3
Bd6 29. Kg2 Re8 30. Re1 Bb3 31. Rc3 Bf7 32. Rc2 Nc7 33. e4 fxe4 34. fxe4 Bg6
35. Bc1 Ne6 36. Rc4 Ng5 37. e5 Bb8 38. h4 Ne6 39. Ne4 Rd5 40. Bb2 Bxe4+ 41.
Rxe4 Ba7 42. Rb4 b5 43. a4 Rb8 44. axb5 Rdxb5 45. Rxb5 Rxb5 46. d5 Rxb2+ 47.
Kh3 Nc5 48. Re1 Nd3 49. Ra1 Nf2+ 50. Kg2 Ng4+ 51. Kf1 Nh2+ 52. Ke1 Nf3+ 53. Kd1
Rd2+ 54. Kc1 Rxd5 55. Rxa7 Nxe5 56. Kc2 Rd3 57. Ra5 Re3 58. Rc5 Ng4 0-1

[Event "Türkei-Moskau"]
[Site "?"]
[Date "2008.02.11"]
[Round "1.2"]
[White "Shabanov, Y."]
[Black "Muratoglu, S."]
[Result "1-0"]
[WhiteElo "2451"]
[BlackElo "2070"]
[PlyCount "179"]
[EventDate "2008.??.??"]

1. e4 c6 2. d4 d5 3. Nd2 dxe4 4. Nxe4 Bf5 5. Nc5 Qc7 6. Nf3 Nf6 7. Bc4 e6 8.
O-O Bd6 9. h3 Nbd7 10. Nd3 O-O 11. Qe2 b5 12. Bb3 c5 13. dxc5 Nxc5 14. Nxc5
Qxc5 15. Be3 Qb4 16. Rfd1 Rfd8 17. Nd4 Be5 18. c3 Qe7 19. Qxb5 Bxd4 20. Rxd4
Rdb8 21. Qe5 a5 22. Rad1 h6 23. R1d2 Rb7 24. Ba4 Rc7 25. c4 Kh7 26. b3 Bg6 27.
f3 Rcc8 28. Rd6 Ng8 29. Bb5 Nf6 30. a4 Ne8 31. Rb6 Rd8 32. Bc5 Qh4 33. Rd4 Rxd4
34. Qxd4 Qe1+ 35. Kh2 Nf6 36. Bc6 Rc8 37. Bb7 Rc7 38. Bd6 Rd7 39. c5 Ne8 40.
Bc6 Nxd6 41. cxd6 e5 42. Qc5 Rd8 43. d7 h5 44. Rb5 f6 45. Qg1 Qc3 46. Rc5 Qxb3
47. Qe1 Bf5 48. Be4 Qe6 49. Rxa5 g6 50. Rd5 Rxd7 51. Rxd7+ Qxd7 52. a5 Qa4 53.
Bb7 Bd3 54. Qc3 Bc4 55. Be4 Kg7 56. Bc2 Qa2 57. h4 Kh7 58. Bb1 Qa4 59. Qd2 Bb5
60. Kg3 Kg7 61. Be4 f5 62. Bd5 f4+ 63. Kh2 Qa3 64. Be4 Qe7 65. Qe1 Ba6 66. Bb1
Kh6 67. Kh1 Kg7 68. Kg1 Qc5+ 69. Kh2 Qe7 70. g3 Qf6 71. Qe4 fxg3+ 72. Kxg3 Bc8
73. Bd3 Kh6 74. Qe3+ Kg7 75. Qg5 Qd6 76. Be4 Ba6 77. Qc1 Qd4 78. Qc7+ Kh6 79.
Qb6 Kg7 80. Qxg6+ Kf8 81. Qf6+ Kg8 82. Qb6 Kf7 83. Qxd4 exd4 84. Kf2 Kf6 85. f4
Bc4 86. Ke1 Ke6 87. Kd2 Kd6 88. Bf3 Kc5 89. Bxh5 d3 90. Bg6 1-0

[Event "Türkei-Moskau"]
[Site "?"]
[Date "2008.02.11"]
[Round "1.3"]
[White "Ozbilen, M."]
[Black "Kremenietsky, A."]
[Result "0-1"]
[WhiteElo "2087"]
[BlackElo "2354"]
[PlyCount "68"]
[EventDate "2008.??.??"]

1. e4 d6 2. d3 c5 3. g3 Nc6 4. Be3 g6 5. Nc3 Bg7 6. Bg2 Nd4 7. Qd2 Qa5 8. Nge2
Bg4 9. Bxd4 cxd4 10. Nd5 Qxd2+ 11. Kxd2 Bxe2 12. Kxe2 Rc8 13. Kd1 e6 14. Nf4
Nf6 15. h3 O-O 16. Ne2 Nd7 17. f4 Rc7 18. Rc1 Rfc8 19. Kd2 Nb6 20. c4 dxc3+ 21.
Nxc3 Bd4 22. f5 Bg7 23. Ke2 Na4 24. Rc2 gxf5 25. exf5 d5 26. Rd2 Bh6 27. fxe6
fxe6 28. Rdd1 Nxb2 29. Rb1 Rxc3 30. Rxb2 Bc1 31. Rb1 Rc2+ 32. Kf3 h5 33. g4 h4
34. Rhxc1 Rxc1 0-1

[Event "Schweiz-D.D. - Oranjeteam 1"]
[Site "?"]
[Date "2008.02.11"]
[Round "1.2"]
[White "Kool, G."]
[Black "Vucenovic, D."]
[Result "0-1"]
[WhiteElo "2124"]
[BlackElo "2304"]
[PlyCount "48"]
[EventDate "2008.??.??"]

1. b4 e5 2. Bb2 Bxb4 3. Bxe5 Nf6 4. Nf3 d5 5. e3 O-O 6. c4 Nbd7 7. Bb2 c5 8.
Be2 dxc4 9. Na3 Bxa3 10. Bxa3 b5 11. O-O Bb7 12. d4 b4 13. Bc1 c3 14. Qa4 a5
15. Ne5 Qc7 16. f4 Nb6 17. Qc2 Rfd8 18. dxc5 Qxc5 19. Bf3 Bxf3 20. Rxf3 Nc4 21.
Qf5 Rd1+ 22. Kf2 Nd6 23. Qc2 Nde4+ 24. Ke2 Rg1 0-1

[Event "Schweiz-D.D. - Oranjeteam 1"]
[Site "?"]
[Date "2008.02.11"]
[Round "1.3"]
[White "Hohler, P."]
[Black "Mostertman, L."]
[Result "1/2-1/2"]
[WhiteElo "2184"]
[BlackElo "2051"]
[PlyCount "40"]
[EventDate "2008.??.??"]

1. d4 Nf6 2. c4 c5 3. dxc5 e6 4. Nf3 Bxc5 5. e3 d5 6. a3 O-O 7. Nc3 dxc4 8.
Bxc4 Qxd1+ 9. Kxd1 Rd8+ 10. Ke2 a6 11. b4 Ba7 12. b5 axb5 13. Nxb5 Bc5 14. Bb2
Nc6 15. Rhd1 Rxd1 16. Rxd1 b6 17. Nd6 Ba6 18. Bxa6 Rxa6 19. Rd3 Ra7 20. Nb5 Rd7
1/2-1/2

[Event "Schweiz-D.D. - Oranjeteam 1"]
[Site "?"]
[Date "2008.02.11"]
[Round "1.4"]
[White "Rost van Tonningen, O."]
[Black "Glauser, H."]
[Result "0-1"]
[WhiteElo "2061"]
[BlackElo "2169"]
[PlyCount "102"]
[EventDate "2008.??.??"]

1. e4 c5 2. Nf3 Nc6 3. b3 Nf6 4. d3 g6 5. Bb2 Bg7 6. g3 O-O 7. Bg2 d5 8. Nbd2
Re8 9. O-O e5 10. h3 h6 11. a4 Rb8 12. Kh2 d4 13. Nc4 Qc7 14. Bc1 Be6 15. Bd2
Nd7 16. Qc1 Kh7 17. Ng1 b6 18. Ne2 a6 19. f4 f6 20. f5 gxf5 21. exf5 Bf7 22. g4
b5 23. axb5 axb5 24. Na5 Nb4 25. Ng3 Ra8 26. Bxb4 cxb4 27. Nc6 Rxa1 28. Qxa1
Nb6 29. Qa7 Qxa7 30. Nxa7 Nd5 31. Nxb5 Ne3 32. Rf2 Bf8 33. Ne4 Kg7 34. Nbd6
Bxd6 35. Nxd6 Rd8 36. Nc4 Bxc4 37. bxc4 Rd7 38. Re2 Ra7 39. c5 Nxg2 40. Kxg2
Rc7 41. Kf2 Rxc5 42. Ke1 Rc3 43. Kd2 b3 44. cxb3 Rxb3 45. Kc2 Rc3+ 46. Kd2 Ra3
47. Rf2 h5 48. Rf3 e4 49. Rf4 Rxd3+ 50. Ke2 Re3+ 51. Kd2 h4 0-1

[Event "England C-Schachfreunde Katernberg"]
[Site "?"]
[Date "2008.02.11"]
[Round "1.1"]
[White "Norman, K."]
[Black "Neese, H-J."]
[Result "1-0"]
[WhiteElo "2154"]
[BlackElo "2306"]
[PlyCount "44"]
[EventDate "2008.??.??"]

1. Nf3 d5 2. d4 Nf6 3. g3 Bf5 4. Bg2 Nbd7 5. O-O h6 6. c4 c6 7. cxd5 cxd5 8.
Nc3 e6 9. Qb3 b6 10. Bf4 g5 11. Be5 Nxe5 12. dxe5 Nd7 13. Nd4 Bg6 14. e4 Bc5
15. Nc6 Qc7 16. exd5 O-O 17. d6 Bxd6 18. exd6 Qxd6 19. Rad1 Bd3 20. Nb5 Nc5 21.
Nxd6 Bxf1 22. Ne7+ Kh7 1-0

[Event "England C-Schachfreunde Katernberg"]
[Site "?"]
[Date "2008.02.11"]
[Round "1.2"]
[White "Schippan, B."]
[Black "Feavyour, J."]
[Result "1-0"]
[WhiteElo "2300"]
[BlackElo "2094"]
[PlyCount "75"]
[EventDate "2008.??.??"]

1. e4 c5 2. Nf3 d6 3. d4 cxd4 4. Qxd4 Nc6 5. Bb5 Bd7 6. Bxc6 Bxc6 7. Nc3 Nf6 8.
Bg5 e5 9. Qd3 Be7 10. O-O-O O-O 11. Bxf6 Bxf6 12. Qxd6 Qb6 13. Nd5 Bxd5 14.
Qxb6 axb6 15. Rxd5 Rxa2 16. Rhd1 Ra1+ 17. Kd2 Ra5 18. Ke2 Rc8 19. c3 g6 20.
Rxa5 bxa5 21. Rd5 Ra8 22. Nxe5 a4 23. Nc4 Kg7 24. e5 Bd8 25. Rd7 Kf8 26. Rxb7
Be7 27. f4 f5 28. Nb6 Ra6 29. Nd5 a3 30. bxa3 Bxa3 31. Rxh7 Bc5 32. Rc7 Bg1 33.
h3 Ra2+ 34. Kd3 Rxg2 35. e6 Rg3+ 36. Kc4 Rg2 37. Rb7 Ke8 38. Nf6+ 1-0

[Event "England C-Schachfreunde Katernberg"]
[Site "?"]
[Date "2008.02.11"]
[Round "1.3"]
[White "Kendall, P."]
[Black "Nautsch, W."]
[Result "1/2-1/2"]
[WhiteElo "2069"]
[BlackElo "2290"]
[PlyCount "83"]
[EventDate "2008.??.??"]

1. e4 d6 2. d4 g6 3. f4 Bg7 4. Nf3 Bg4 5. c3 Nf6 6. Bd3 O-O 7. O-O c5 8. Be3
Qc7 9. h3 Bd7 10. Nbd2 b5 11. Qe1 c4 12. Bc2 d5 13. Qh4 dxe4 14. Nxe4 Nd5 15.
Bd2 Nc6 16. Ne5 Bf5 17. g4 Nxe5 18. fxe5 Bxe4 19. Bxe4 Rad8 20. Bh6 f6 21. Bxg7
Kxg7 22. Bxd5 Rxd5 23. Rae1 Rdd8 24. Rf3 a5 25. exf6+ Rxf6 26. Rfe3 Rd7 27. Qg5
b4 28. Re5 bxc3 29. bxc3 e6 30. Qe3 Rdf7 31. Rc5 Qb8 32. Qe5 Qxe5 33. Rcxe5 Rf3
34. R5e3 h5 35. gxh5 gxh5 36. R1e2 Rxe3 37. Rxe3 Rb7 38. Rxe6 Rb1+ 39. Kf2 Rc1
40. Re5 Rxc3 41. Rxa5 Rxh3 42. Rc5 1/2-1/2

[Event "England C-Schachfreunde Katernberg"]
[Site "?"]
[Date "2008.02.11"]
[Round "1.4"]
[White "Krüger, E."]
[Black "Pemberton, C."]
[Result "1-0"]
[WhiteElo "2200"]
[BlackElo "1910"]
[PlyCount "163"]
[EventDate "2008.??.??"]

1. d4 Nf6 2. c4 e6 3. Nc3 Bb4 4. e3 O-O 5. Nge2 d5 6. a3 Be7 7. Nf4 b6 8. b4 a5
9. Rb1 axb4 10. axb4 dxc4 11. Bxc4 c5 12. Qf3 Ra7 13. bxc5 Bb7 14. Qg3 bxc5 15.
dxc5 Bxc5 16. O-O Bd6 17. Nb5 Be4 18. Rb2 Bxf4 19. Qxf4 Ra1 20. Nc3 Bg6 21. Bd2
Rxf1+ 22. Bxf1 Nbd7 23. Qd6 Qa8 24. Ra2 Qb7 25. f3 Ra8 26. Rxa8+ Qxa8 27. Bb5
Qb7 28. Bc6 Qb8 29. Qxb8+ Nxb8 30. Bb5 Nbd7 31. e4 Nc5 32. Ne2 e5 33. Nc3 Nfd7
34. Nd5 f6 35. Ne7+ Kf7 36. Nd5 Kg8 37. Ne7+ Kf7 38. Nxg6 Kxg6 39. Bb4 Kf7 40.
Kf2 Ke6 41. g4 g6 42. Bc4+ Kd6 43. h4 Nb6 44. Bg8 h6 45. h5 g5 46. Bf7 Nbd7 47.
Ke3 Kc6 48. Be8 Ne6 49. Be7 Kc7 50. Bxd7 Kxd7 51. Bxf6 Kd6 52. Kf2 Nc5 53. Bg7
Ke6 54. Bxh6 Kf6 55. Bf8 Ne6 56. Bd6 Nd4 57. Bc7 Ne6 58. Bb6 Nf4 59. Ke3 Ne6
60. Kd2 Kf7 61. Kc3 Nf4 62. Kc4 Ke7 63. Be3 Ne6 64. Kd5 Kf6 65. h6 Nf8 66. Kd6
Ng6 67. Bb6 Nh4 68. h7 Kg7 69. Kxe5 Nxf3+ 70. Kf5 Kxh7 71. e5 Kh6 72. e6 Kg7
73. Bc5 Nh4+ 74. Kxg5 Ng6 75. e7 Nxe7 76. Bxe7 Kg8 77. Kf6 Kh8 78. g5 Kg8 79.
g6 Kh8 80. g7+ Kg8 81. Bf8 Kh7 82. Kf7 1-0

[Event "WIS Odessa-Schweden 2"]
[Site "?"]
[Date "2008.02.11"]
[Round "1.2"]
[White "Gustavsson, S."]
[Black "Malisov, B."]
[Result "0-1"]
[WhiteElo "2096"]
[BlackElo "2350"]
[PlyCount "103"]
[EventDate "2008.??.??"]

1. d4 c5 2. d5 Nf6 3. Nc3 g6 4. e4 d6 5. Nf3 Bg7 6. Be2 O-O 7. O-O e6 8. h3
exd5 9. exd5 Re8 10. a4 Na6 11. Bc4 Nb4 12. Na2 Re4 13. Nd2 Rh4 14. Nxb4 cxb4
15. Re1 Bf5 16. Bb3 Qd7 17. Re3 Bh6 18. Rf3 Rd4 19. c3 bxc3 20. bxc3 Rd3 21.
Rxd3 Bxd3 22. Qf3 Qf5 23. Qxf5 Bxf5 24. Nc4 Bxc1 25. Rxc1 Rd8 26. Ne3 Bc8 27.
a5 Ne4 28. Bd1 Kg7 29. c4 Kf6 30. Bg4 Ke5 31. Bxc8 Rxc8 32. Ng4+ Kd4 33. f3 Nc3
34. Re1 Rc7 35. Nf6 Kxc4 36. Ne8 Rd7 37. Nf6 Rd8 38. Re7 b5 39. Rc7+ Kb4 40.
Rxa7 Ka4 41. a6 Ka5 42. Rc7 b4 43. a7 Nb5 44. Rxf7 b3 45. Ne4 b2 46. Nd2 Ka6
47. Rf4 Kxa7 48. Rb4 Nc3 49. Rxb2 Nxd5 50. Ne4 Nb6 51. Kf2 h6 52. Ke3 0-1

[Event "WIS Odessa-Schweden 2"]
[Site "?"]
[Date "2008.02.11"]
[Round "1.3"]
[White "Kaminik, A."]
[Black "Andersson, S-O."]
[Result "1-0"]
[WhiteElo "2247"]
[BlackElo "2076"]
[PlyCount "61"]
[EventDate "2008.??.??"]

1. d4 Nf6 2. c4 g6 3. Nc3 Bg7 4. e4 d6 5. f3 h5 6. Be3 Nbd7 7. Nh3 c6 8. Qd2 a6
9. Ng5 e5 10. O-O-O Qe7 11. dxe5 dxe5 12. c5 Nf8 13. Na4 Be6 14. Nb6 Rd8 15.
Qxd8+ Qxd8 16. Rxd8+ Kxd8 17. Bc4 Ke7 18. Rd1 Bxc4 19. Nxc4 N6d7 20. Nd6 f6 21.
Nh3 Ne6 22. Nxb7 g5 23. Nf2 Nf4 24. Bxf4 gxf4 25. Nd3 Ke6 26. Nb4 Bf8 27. Nd8+
Ke7 28. Nbxc6+ Ke8 29. Ne6 Be7 30. Nc7+ Kf7 31. Rxd7 1-0

[Event "WIS Odessa-Schweden 2"]
[Site "?"]
[Date "2008.02.11"]
[Round "1.4"]
[White "Nystrom, R."]
[Black "Rodkin, R."]
[Result "0-1"]
[WhiteElo "2026"]
[BlackElo "2218"]
[PlyCount "72"]
[EventDate "2008.??.??"]

1. d4 Nf6 2. c4 e6 3. g3 d5 4. Bg2 c6 5. Nf3 Nbd7 6. O-O Bd6 7. Nbd2 O-O 8. Qc2
Re8 9. Rd1 Qe7 10. e4 dxe4 11. Nxe4 Nxe4 12. Qxe4 f6 13. Bd2 Nf8 14. Bc3 Bb4
15. Rac1 Bxc3 16. Rxc3 Bd7 17. Qc2 Rad8 18. Rb3 Bc8 19. Ra3 a6 20. Re3 Rd6 21.
Rde1 Red8 22. Qc3 g5 23. h3 h5 24. c5 Rd5 25. Nd2 Rxd4 26. Ne4 e5 27. Nd6 Be6
28. b4 Qd7 29. Kh2 Bxa2 30. f4 Rxd6 31. cxd6 exf4 32. gxf4 Qxd6 33. Qc2 Qxf4+
34. Kg1 Bf7 35. Re7 Rd2 36. Qc3 Qf2+ 0-1

[Event "Widukind-Berlin"]
[Site "?"]
[Date "2008.02.11"]
[Round "1.1"]
[White "Pape, M."]
[Black "Baumbach, F."]
[Result "1/2-1/2"]
[WhiteElo "2240"]
[BlackElo "2290"]
[PlyCount "69"]
[EventDate "2008.??.??"]

1. d4 d5 2. Nf3 Nf6 3. Bf4 c6 4. c3 e6 5. e3 Bd6 6. Ne5 Qc7 7. Nd2 Nbd7 8. Nxd7
Bxd7 9. Bxd6 Qxd6 10. f4 O-O 11. Bd3 c5 12. O-O Qb6 13. Rf2 Bb5 14. Bc2 Bc6 15.
Rb1 Ne4 16. Bxe4 dxe4 17. Nb3 c4 18. Nd2 Bd5 19. Qc2 Qc6 20. Rbf1 f5 21. h3 b5
22. Kh1 a5 23. Kg1 b4 24. Qd1 Rab8 25. Nb1 Rb7 26. g4 Rfb8 27. gxf5 exf5 28.
Qh5 Qf6 29. Rg2 Be6 30. Nd2 bxc3 31. bxc3 Kh8 32. Rg6 Qf7 33. Qh4 Qe7 34. Qxe7
Rxe7 35. Rb1 1/2-1/2

[Event "Widukind-Berlin"]
[Site "?"]
[Date "2008.02.11"]
[Round "1.4"]
[White "Lieb, H."]
[Black "Hentzschel, E."]
[Result "1-0"]
[WhiteElo "2255"]
[BlackElo "1956"]
[PlyCount "71"]
[EventDate "2008.??.??"]

1. d4 Nf6 2. c4 e6 3. Nf3 d5 4. Nc3 c6 5. g3 Nbd7 6. Bg2 Qc7 7. O-O Be7 8. Bf4
Bd6 9. Bg5 O-O 10. Rc1 Re8 11. cxd5 exd5 12. Nb5 Qb8 13. Nxd6 Qxd6 14. Bf4 Qe6
15. Re1 Ne4 16. b4 Nb6 17. a4 f6 18. Nd2 Nxd2 19. Bxd2 Qf5 20. b5 Bd7 21. Qb3
Nc4 22. Bc3 cxb5 23. axb5 Rac8 24. Ra1 Ra8 25. e4 Qg6 26. exd5 Nd6 27. b6 a6
28. Bb4 Ne4 29. d6+ Kh8 30. Qd3 Bf5 31. d7 Re6 32. d5 Ng5 33. Qxf5 Qxf5 34.
dxe6 Nxe6 35. Bxb7 Rd8 36. Bc8 1-0

[Event "Catalonia-D.D. - Oranjeteam 2"]
[Site "?"]
[Date "2008.02.11"]
[Round "1.2"]
[White "Oud, N."]
[Black "Simon Padros, E."]
[Result "1/2-1/2"]
[WhiteElo "2023"]
[BlackElo "2251"]
[PlyCount "114"]
[EventDate "2008.??.??"]

1. d4 e6 2. Nf3 f5 3. g3 Nf6 4. Bg2 d5 5. O-O Bd6 6. c4 c6 7. Nc3 O-O 8. b3
Nbd7 9. Qc2 Ne4 10. e3 Qe8 11. Bb2 Qh5 12. Ne2 Ng5 13. Nxg5 Qxg5 14. Nf4 Qf6
15. Nd3 Qe7 16. Rae1 Nf6 17. Ne5 Bd7 18. f3 Be8 19. Kh1 Bh5 20. Qd3 Rad8 21. c5
Bc7 22. b4 g5 23. Rc1 g4 24. f4 Be8 25. a4 h5 26. Bc3 Ne4 27. Be1 Kh7 28. Rc2
Rg8 29. Qe2 Qg7 30. b5 Qh6 31. Rg1 Rb8 32. Rb2 Bxe5 33. dxe5 Rc8 34. Bxe4 fxe4
35. b6 a6 36. Qg2 Bg6 37. Rd2 Bf5 38. Qf1 Rce8 39. Qf2 Rg6 40. Rg2 Qf8 41. Rc2
Qe7 42. Rc1 Reg8 43. Kg1 Rh6 44. Qd2 Rhg6 45. a5 Rd8 46. Qd4 Rg7 47. Rcc2 Qf8
48. Rcd2 Bg6 49. Rc2 Qf5 50. Rcd2 Bf7 51. Rc2 Rdg8 52. Rb2 Be8 53. Rbc2 h4 54.
gxh4 g3 55. Rxg3 Rxg3+ 56. hxg3 Bh5 57. Rh2 Rg6 1/2-1/2